00541 a2200145 4500003000500000005001700005040000900022082001200031100002100043245004100064260003900105300001100144505021700155650002300372NUST20230127122308.0 cNust a904,EDG aEdge , Geraldine aThe Ships of Youth /cGeraldine.Edge aLondonbHodder and Stoughtonc1945 a124:p. aMobilisation (Page-9), The First Beach Landing (Page-24), Sicily and North Africa (Page-41), Salerno Beaches (Page-56), The Cruise Continues (Page-71), More Beach Landings (Page-86), Anzio and After (Page-107).  aThe Ships of Youth